<?xml version="1.0" encoding="UTF-8"?><marc:collection xmlns:marc="http://www.loc.gov/MARC21/slim">
  <marc:record>
    <marc:leader>00000cam  2200000zi 4500</marc:leader>
    <marc:controlfield tag="001">9.960797</marc:controlfield>
    <marc:controlfield tag="003">CaOODSP</marc:controlfield>
    <marc:controlfield tag="005">20260515105652</marc:controlfield>
    <marc:controlfield tag="006">m     o  d f      </marc:controlfield>
    <marc:controlfield tag="007">cr cn ||||||||</marc:controlfield>
    <marc:controlfield tag="008">260310e202604  onca    ob   f000 0 fre d</marc:controlfield>
    <marc:datafield tag="020" ind1=" " ind2=" ">
      <marc:subfield code="a">9780660988962</marc:subfield>
    </marc:datafield>
    <marc:datafield tag="040" ind1=" " ind2=" ">
      <marc:subfield code="a">CaOODSP</marc:subfield>
      <marc:subfield code="b">fre</marc:subfield>
      <marc:subfield code="e">rda</marc:subfield>
      <marc:subfield code="c">CaOODSP</marc:subfield>
    </marc:datafield>
    <marc:datafield tag="043" ind1=" " ind2=" ">
      <marc:subfield code="a">n-cn---</marc:subfield>
    </marc:datafield>
    <marc:datafield tag="086" ind1="1" ind2=" ">
      <marc:subfield code="a">Fs70-5/2026-027F-PDF</marc:subfield>
    </marc:datafield>
    <marc:datafield tag="100" ind1="1" ind2=" ">
      <marc:subfield code="a">Ali, Kassim, </marc:subfield>
      <marc:subfield code="e">auteur.</marc:subfield>
    </marc:datafield>
    <marc:datafield tag="245" ind1="1" ind2="0">
      <marc:subfield code="a">Évaluation des risques indirects pour la santé humaine des labéos frenatus (Epalzeorhynchos frenatum) GloFishMD Cosmic BlueMD (BS2017), GloFishMD Electric GreenMD (GS2017), GloFishMD Sunburst OrangeMD (OS2016) et GloFishMD Galactic PurpleMD (PS2016) pour leur utilisation comme poissons d’ornement au Canada / </marc:subfield>
      <marc:subfield code="c">Kassim Ali et Stephen Dugan.</marc:subfield>
    </marc:datafield>
    <marc:datafield tag="264" ind1=" " ind2="1">
      <marc:subfield code="a">[Ottawa] : </marc:subfield>
      <marc:subfield code="b">Secrétariat canadien de consultation scientifique, </marc:subfield>
      <marc:subfield code="c">avril 2026.</marc:subfield>
    </marc:datafield>
    <marc:datafield tag="264" ind1=" " ind2="4">
      <marc:subfield code="c">©2026</marc:subfield>
    </marc:datafield>
    <marc:datafield tag="300" ind1=" " ind2=" ">
      <marc:subfield code="a">1 ressource en ligne (iv, 25 pages) : </marc:subfield>
      <marc:subfield code="b">figure.</marc:subfield>
    </marc:datafield>
    <marc:datafield tag="336" ind1=" " ind2=" ">
      <marc:subfield code="a">texte</marc:subfield>
      <marc:subfield code="b">txt</marc:subfield>
      <marc:subfield code="2">rdacontent/fre</marc:subfield>
    </marc:datafield>
    <marc:datafield tag="337" ind1=" " ind2=" ">
      <marc:subfield code="a">informatique</marc:subfield>
      <marc:subfield code="b">c</marc:subfield>
      <marc:subfield code="2">rdamedia/fre</marc:subfield>
    </marc:datafield>
    <marc:datafield tag="338" ind1=" " ind2=" ">
      <marc:subfield code="a">ressource en ligne</marc:subfield>
      <marc:subfield code="b">cr</marc:subfield>
      <marc:subfield code="2">rdacarrier/fre</marc:subfield>
    </marc:datafield>
    <marc:datafield tag="490" ind1="1" ind2=" ">
      <marc:subfield code="a">Document de recherche, </marc:subfield>
      <marc:subfield code="x">2292-4272 ; </marc:subfield>
      <marc:subfield code="v">2026/027</marc:subfield>
    </marc:datafield>
    <marc:datafield tag="500" ind1=" " ind2=" ">
      <marc:subfield code="a">Publié aussi en anglais sous le titre : Indirect human health risk assessment of the GloFish® Cosmic Blue® (BS2017), GloFish® Electric Green® (GS2017), GloFish® Sunburst Orange® (OS2016), and the GloFish® Galactic Purple® (PS2016) Sharks (Epalzeorhynchos frenatum), for use as ornamental aquarium fish in Canada.</marc:subfield>
    </marc:datafield>
    <marc:datafield tag="504" ind1=" " ind2=" ">
      <marc:subfield code="a">Comprend des références bibliographiques (pages 20-25).</marc:subfield>
    </marc:datafield>
    <marc:datafield tag="650" ind1=" " ind2="6">
      <marc:subfield code="a">Poissons transgéniques</marc:subfield>
      <marc:subfield code="x">Aspect sanitaire</marc:subfield>
      <marc:subfield code="z">Canada.</marc:subfield>
    </marc:datafield>
    <marc:datafield tag="650" ind1=" " ind2="6">
      <marc:subfield code="a">Poissons transgéniques</marc:subfield>
      <marc:subfield code="x">Évaluation du risque</marc:subfield>
      <marc:subfield code="z">Canada.</marc:subfield>
    </marc:datafield>
    <marc:datafield tag="710" ind1="1" ind2=" ">
      <marc:subfield code="a">Canada. </marc:subfield>
      <marc:subfield code="b">Ministère des pêches et des océans. </marc:subfield>
      <marc:subfield code="b">Région de la capitale nationale, </marc:subfield>
      <marc:subfield code="e">organisme de publication.</marc:subfield>
    </marc:datafield>
    <marc:datafield tag="710" ind1="2" ind2=" ">
      <marc:subfield code="a">Secrétariat canadien de consultation scientifique, </marc:subfield>
      <marc:subfield code="e">organisme de publication.</marc:subfield>
    </marc:datafield>
    <marc:datafield tag="775" ind1="0" ind2="8">
      <marc:subfield code="t">Indirect human health risk assessment of the GloFish® Cosmic Blue® (BS2017), GloFish® Electric Green® (GS2017), GloFish® Sunburst Orange® (OS2016), and the GloFish® Galactic Purple® (PS2016) Sharks (Epalzeorhynchos frenatum), for use as ornamental aquarium fish in Canada / </marc:subfield>
      <marc:subfield code="w">(CaOODSP)9.960796</marc:subfield>
    </marc:datafield>
    <marc:datafield tag="830" ind1="#" ind2="0">
      <marc:subfield code="a">Document de recherche (Secrétariat canadien de consultation scientifique)</marc:subfield>
      <marc:subfield code="v">2026/027.</marc:subfield>
      <marc:subfield code="w">(CaOODSP)9.503788</marc:subfield>
    </marc:datafield>
    <marc:datafield tag="856" ind1="4" ind2="0">
      <marc:subfield code="q">PDF</marc:subfield>
      <marc:subfield code="s">539 Ko</marc:subfield>
      <marc:subfield code="u">https://publications.gc.ca/collections/collection_2026/mpo-dfo/fs70-5/Fs70-5-2026-027-fra.pdf</marc:subfield>
    </marc:datafield>
  </marc:record>
</marc:collection>
